Normal view
MARC view
Entry Topical Term
001 - CONTROL NUMBER
- control field: 38045
003 - CONTROL NUMBER IDENTIFIER
- control field: OSt
005 - DATE AND TIME OF LATEST TRANSACTION
- control field: 20230429160712.0
008 - FIXED-LENGTH DATA ELEMENTS
- fixed length control field: 230429|| aca||aabn | a|a d
040 ## - CATALOGING SOURCE
- Original cataloging agency: OSt
- Transcribing agency: OSt
150 ## - HEADING--TOPICAL TERM
- Topical term or geographic name entry element: Ceremony, Citizenship status, Cultural diversity, Law, National identity, Performance.
670 ## - SOURCE DATA FOUND
- Source citation: Work cat.: (OSt): Macduff, Anne 38044, Performing legal and national identities: Australian citizenship ceremonies and the management of cultural diversity
